| 000 | 01144nam a2200289 i 4500 | ||
|---|---|---|---|
| 001 | 27674 | ||
| 003 | ES-MaACL | ||
| 005 | 20231220180202.0 | ||
| 007 | t| | ||
| 008 | 030115s1961 sp |||| | spa d | ||
| 080 | _a811.112.2(076) | ||
| 100 | 1 |
_aAuerbach, Berthold. _923872 |
|
| 245 | 1 | 4 |
_aLos hermanos enemigos _b= (Die feindlichen brüder) / _cBerthold Auerbach ; traducido por Ana María Cibish ; revisado y anotado por Pablo Tijan. |
| 260 |
_a[Madrid] : _bSuarro, [J.L. Suárez Rodríguez, _c1961] |
||
| 300 |
_a32 p. ; _c17 cm. |
||
| 490 | 1 |
_aBiblioteca didáctica bilingüe. _aSerie C, Alemán ; _v1 |
|
| 546 | _aTexto en español y alemán. | ||
| 598 | _aBiblioteca didáctica bilingüe / dir. y ed., José Luis Suárez Rodríguez. | ||
| 650 | 4 |
_aLengua alemana- _vLecturas. _9157192 |
|
| 700 | 1 |
_aCibish, Ana Maria. _938744 |
|
| 700 | 1 |
_aTijan, Pablo. _9188836 |
|
| 700 | 1 |
_aSuárez Rodríguez, José Luis, _d1931-2020 _9108655 |
|
| 740 | 4 | 2 | _aDie feindlichen brüder. |
| 830 | 0 |
_aBiblioteca didáctica bilingüe. _aSerie C, Alemán ; _v1 _9229225 |
|
| 852 |
_aES-MaACL _j2086-F-26 |
||
| 999 |
_c27674 _d27674 |
||